00520cam a2200181 a 450000100100000000500170001000800410002704000250006808200170009310000250011024500690013526000330020430000280023765000190026565000110028465000190029570000240031400000091920200929145435.0750314s1958 xx 000 0 eng  aDO-SdBNPbspacBNPHU a551.5bF533h1 aFisher, Robert Moore10aHow about the weather? /cWith a foreword by Ernest J. Christie. aNew York :bHarper,c[1958]. a172 p. :bil. ;c22 cm. 4aMeteorología 4aTiempo 4aClimatología1 aChristie, Ernest J.